Представление документа в формате MARC21

Поле Инд. ПП Название Значение
Тип записи a
Библиографический уровень m
001 Контрольный номер RU/IS/BASE/324745721
005 Дата корректировки 20160526101148.8
020 a ISBN 5-286-00634
040 a Служба первич. каталог. НБ ТвГУ
b Код языка каталог. rus
e Правила каталог. PSBO
041 0_ a Код языка текста rus
080 a Индекс УДК 551.510.4
084 a Индекс другой классификации/Индекс ББК Д232.2
090 a Полочн. индекс Д242.1
x Авторский знак Б 95
100 1_ a Автор Бызова Наталья Леонтьевна
q Полное имя Бызова Н. Л.
245 00 a Заглавие Экспериментальные исследования атмосферной диффузии и расчеты рассеяния примеси
260 a Место издания Ленинград
b Издательство Гидрометеоиздат
c Дата издания 1991
300 a Объем 277, [1] с.
b Иллюстрации/ тип воспроизводства ил., табл.
504 a Библиография Библиогр.: с. 258-272. - Предм. указ.: с. 273-276
653 0_ a Ключевые слова Атмосфера
a Ключевые слова Примеси в атмосфере
a Ключевые слова Рассеяние примесей
a Ключевые слова Химия атмосферы
a Ключевые слова Экспериментальные исследования
700 1_ a Другие авторы Каргер Евгений Константинович
q Полное имя Каргер Е. К.
700 1_ a Другие авторы Иванов Владислав Николаевич
q Полное имя Иванов В. Н.
901 t Тип документа m
920 a Оператор Огне
a Оператор Карл
954 a Дата поступления на обработку 20100416